| 000 | 01553nam a2200241Ia 4500 | ||
|---|---|---|---|
| 999 |
_c51984 _d51984 |
||
| 001 | 18987 | ||
| 003 | GE_BSU | ||
| 005 | 20220920155608.0 | ||
| 008 | 181216s2008||||ge |||||||||||||| ||geo|| | ||
| 040 | _cGE_BSU | ||
| 041 | _ageo | ||
| 080 | _a81 გ-44 | ||
| 100 |
_aგვარიშვილი, ზ. _910517 |
||
| 245 |
_aინტერნეტის ენაში გამოყენებული რელიგიური ლექსიკის პრაგმალინგვისტური ანალიზი : დისერტაცია / _cზ. გვარიშვილი; სამეცნიერო ხელმძღვანელი. რ. ენუქიძე; ბათუმის შოთა რუსთაველის სახელმწიფო უნივერსიტეტი. |
||
| 264 |
_aბათუმი, _b _c2008. |
||
| 300 |
_a167 გვ. ; _b30 სმ. |
||
| 653 | _aდისერტაცია | ||
| 653 | _aინტერნეტის ენაში გამოყენებული რელიგიური ლექსიკის პრაგმალინგვისტური ანალიზი | ||
| 653 | _aლიტმცოდნეობა | ||
| 700 |
_aენუქიძე, რ. _eსამეცნიერო ხელმძღვანელი _911867 |
||
| 710 |
_aბათუმის შოთა რუსთაველის სახელმწიფო უნივერსიტეტი _910518 |
||
| 942 |
_cBK _2udc |
||